Models in ecological and environmental studies

Bibliographic Details
Format: Book
Published: Pulau Pinang : USM , 2006
Subjects:

MARC

LEADER 00000cam a2200000 7i4500
001 0000003747
005 20110505.0
020 0 0 |a 9833391397 
090 0 0 |a 577.022   |b ECO 2006 
245 0 0 |a Models in ecological and environmental studies   |c editor Ahmad Izani Md. Ismail, Koh Hock Lye & Yahya Abu Hasan 
260 0 0 |a Pulau Pinang :   |b USM ,   |c 2006 
300 |a ix. 555 p. :   |b ill. ;   |c 30 cm. 
650 0 0 |a Ecology---Mathematical models---Congresses 
650 0 0 |a Environmental management---Mathematical models---Congresses 
650 0 0 |a Environmental sciences---Congresses 
999 |a 007337   |b Monograph   |c Open Shelf   |e Default branch